MotoGP Grid 2026 - Statistics

General Stats
  • This quiz has been taken 33 times
  • The average score is 18 of 22
Answer Stats
Team Answer % Correct
Gresini Racing Ducati Alex Marquez
100%
Aprilia Racing Jorge Martin
100%
Ducati Lenovo Team Marc Marquez
100%
Monster Energy Yamaha MotoGP Fabio Quartararo
96%
Ducati Lenovo Team Francesco Bagnaia
96%
Aprilia Racing Marco Bezzecchi
96%
Red Bull KTM Factory Racing Pedro Acosta
96%
Red Bull KTM Factory Racing Brad Binder
91%
Pertamina Enduro VR46 Ducati Fabio Di Giannantonio
87%
Repsol Honda Team Joan Mir
83%
Repsol Honda Team Luca Marini
83%
Trackhouse Aprilia Ai Ogura
78%
Pertamina Enduro VR46 Ducati Franco Morbidelli
78%
LCR Honda Johann Zarco
78%
Gresini Racing Ducati Fermin Aldeguer
74%
Prima Pramac Racing (Yamaha) Jack Miller
74%
Monster Energy Yamaha MotoGP Alex Rins
70%
Trackhouse Aprilia Raul Fernandez
70%
LCR Honda Diogo Moreira
61%
Red Bull KTM Tech3 Enea Bastianini
57%
Red Bull KTM Tech3 Maverick Vinales
57%
Prima Pramac Racing (Yamaha) Toprak Razgatlioglu
48%
No matching quizzes found
Score Distribution
Percent of People with Each Score
Percentile by Number Answered
Your Score History
You have not taken this quiz